000
00304nam a22001217a 4500
008
181127b xxu||||| |||| 00| 0 eng d
041
_a
eng
080
_a
043.3
100
_a
0
101
_a
BTH-INI
245
_a
Punimet tokësore për ndërtimin e Infrastrukturës rrugore
_c
Fetahu,G
942
_2
udc
_c
BK
999
_c
52562
_d
52562